00907nam a22001457a 4500008004100000020001500041050001800056100001700074245006500091250001200156260003500168300003300203500002000236505050500256190806b xxu||||| |||| 00| 0 eng d a077480226x aHV105.G83(2e) aGuest Dennis aThe emergence of social security in Canada. /cDennis Guest. a2nd ed. aVancouver :bUBC Press,c1994. axi, 303 p. :bill. ;c23 cm. aIncludes index. aContents:The emergence of social security in Canada: major themes -- The colonial inheritance -- Saving for a rainy day: social security in late nineteenth century and early twentieth century Canada -- The first stage of the modern era: workman's compensation in Ontario -- The social impact of world war one -- The 1950's: our conversation decade -- The 1960's: filling the gaps -- Stemming a residual tide -- Unfinished business: the security review of 1973 to 1976 -- Social security in the 1980's